Please Stay Lyrics (Lucy Dacus) - Statistics

General Stats
  • This quiz has been taken 18 times
  • The average score is 187 of 214
Answer Stats
Answer % Correct
be
100%
clothes
100%
dirty
100%
do?
100%
don't
100%
Go
100%
go
100%
hair
100%
I
100%
in
100%
me
100%
never
100%
on
100%
Please
100%
please
100%
the
100%
The
100%
to
100%
you
100%
You
100%
Your
100%
your
100%
a
92%
again
92%
back
92%
But
92%
Change
92%
counter
92%
Cut
92%
die
92%
dish
92%
dog
92%
dryer
92%
Get
92%
hall
92%
make
92%
mean
92%
or
92%
say
92%
see
92%
shoes
92%
shower
92%
sink
92%
sleep
92%
stay
92%
talk
92%
these
92%
things
92%
think
92%
too
92%
wall
92%
wanna
92%
What
92%
what
92%
when
92%
When
92%
alive
83%
am
83%
bed
83%
Call
83%
can't
83%
friend
83%
if
83%
is
83%
job
83%
keep
83%
keys
83%
leave
83%
like
83%
Like
83%
love
83%
mind
83%
much
83%
need
83%
Quit
83%
school,
83%
supposed
83%
tell
83%
Tell
83%
that
83%
them
83%
time
83%
want
83%
because
75%
by
75%
else
75%
empty
75%
Give
75%
hunting
75%
it's
75%
knife
75%
secret
75%
toothbrush
75%
true
75%
with
75%
and
67%
books
67%
it'll
67%
kept
67%
last
67%
name
67%
of
67%
one
67%
read
67%
shelf
67%
ways
67%
Begin,
58%
flowers
58%
new
58%
out
58%
up
58%
you're
58%
bar
50%
door
50%
dried
50%
end
50%
Maybe
50%
playing
50%
storyline
50%
Suspended
50%
tied
50%
twine
50%
vow,
50%
Break
42%
done
42%
from
42%
move
42%
ceiling
33%
No matching quizzes found
Score Distribution
Percent of People with Each Score
Percentile by Number Answered
Your Score History
You have not taken this quiz